[Event "ITA-ch U20"]
[Site "Bratto"]
[Date "2008.08.30"]
[Round "9"]
[White "Pulcini, Giorgio"]
[Black "Serri, Cristiano"]
[Result "0-1"]
[WhiteElo "1676"]
[BlackElo "1542"]
[PlyCount "40"]
[EventDate "2008.08.22"]
[EventType "swiss"]
[EventRounds "9"]
[EventCountry "ITA"]
[SourceTitle "CBM 126 Extra"]
[Source "ChessBase"]
[SourceDate "2008.11.05"]
[SourceVersion "1"]
[SourceVersionDate "2008.11.05"]
[SourceQuality "1"]

1. e4 c5 2. Nf3 d6 3. Bc4 a6 4. a4 Bg4 5. Bxf7+ Kxf7 6. Ng5+ Ke8 7. Qxg4 Qd7 8. Qf3 Nf6 9. Nc3 Nc6 10. Nd5 Nd4 11. Qd1 Nxd5 12. exd5 Qf5 13. d3 Qxd5 14. 0-0 h6 15. Qh5+ Kd7 16. c4 Qf5 17. g4 hxg5 18. Qxh8 Qxg4+ 19. Kh1 Qf3+ 20. Kg1 Ne2# 0-1

[Event "Lugano op"]
[Site "Lugano"]
[Date "2007.11.18"]
[Round "4.23"]
[White "Cervini, Gian Piero"]
[Black "Pulcini, Giorgio"]
[Result "1-0"]
[WhiteElo "1766"]
[BlackElo "1626"]
[PlyCount "83"]
[EventDate "2007.11.16"]
[EventType "swiss"]
[EventRounds "5"]
[EventCountry "SUI"]
[SourceTitle "CBM 121 Extra"]
[Source "ChessBase"]
[SourceDate "2008.01.10"]
[SourceVersion "1"]
[SourceVersionDate "2008.01.10"]
[SourceQuality "1"]

1. e4 e5 2. Nf3 Nc6 3. Bc4 Bc5 4. c3 Nf6 5. d3 d6 6. Bb3 a6 7. Nbd2 Bg4 8. h3 Bd7 9. Nf1 Qe7 10. Be3 Bxe3 11. Nxe3 Na5 12. Bc2 0-0-0 13. Qe2 Be6 14. 0-0 Qd7 15. d4 exd4 16. cxd4 d5 17. e5 Nh5 18. Ng5 Nf4 19. Qf3 Ng6 20. Nxe6 Qxe6 21. Bf5 Rhf8 22. Rac1 Rd7 23. Bxe6 fxe6 24. Qh5 Nf4 25. Qd1 Nc6 26. Kh2 Nb4 27. a3 Nbd3 28. g3 Nxc1 29. gxf4 Rxf4 30. Qxc1 Rxd4 31. Qc5 Rf4 32. Kg3 Rdf7 33. b4 Rf3+ 34. Kg2 c6 35. a4 R3f4 36. b5 Rxa4 37. bxc6 Kb8 38. Rb1 Rc7 39. Qd6 b5 40. Qd8+ Rc8 41. Qb6+ Ka8 42. Qb7# 1-0

[Event "Lugano op"]
[Site "Lugano"]
[Date "2007.11.16"]
[Round "1.21"]
[White "Sat, Laurent"]
[Black "Pulcini, Giorgio"]
[Result "1-0"]
[WhiteElo "2072"]
[BlackElo "1626"]
[PlyCount "69"]
[EventDate "2007.11.16"]
[EventType "swiss"]
[EventRounds "5"]
[EventCountry "SUI"]
[SourceTitle "CBM 121 Extra"]
[Source "ChessBase"]
[SourceDate "2008.01.10"]
[SourceVersion "1"]
[SourceVersionDate "2008.01.10"]
[SourceQuality "1"]

1. e4 e5 2. Nc3 Nf6 3. f4 Qe7 4. Nf3 exf4 5. d3 Nh5 6. Nd5 Qd6 7. Nd4 Nf6 8. Bxf4 Qc5 9. Nb3 Qc6 10. Nxc7+ Kd8 11. Nxa8 d6 12. Nd4 Qc5 13. c3 Nc6 14. Be3 Nxd4 15. cxd4 Qc6 16. Rc1 Qd7 17. Be2 d5 18. e5 Bb4+ 19. Bd2 Bxd2+ 20. Qxd2 Ng4 21. Qg5+ f6 22. Bxg4 Qxg4 23. Qxg4 Bxg4 24. Rc7 fxe5 25. dxe5 Re8 26. d4 Bf5 27. Rxg7 Be4 28. Kd2 Kc8 29. Rf1 Kb8 30. Nc7 Rc8 31. Rff7 Bg6 32. Na6+ bxa6 33. Rb7+ Ka8 34. Rxa7+ Kb8 35. Rgb7# 1-0

[Event "Bratto Martesana op"]
[Site "Bratto"]
[Date "2006.11.19"]
[Round "5"]
[White "Pulcini, Giorgio"]
[Black "Savarese, Vincenzo"]
[Result "0-1"]
[WhiteElo "1762"]
[BlackElo "1865"]
[PlyCount "150"]
[EventDate "2006.11.11"]
[EventType "swiss"]
[EventRounds "6"]
[EventCountry "ITA"]
[SourceTitle "EXT 2008"]
[Source "ChessBase"]
[SourceDate "2007.11.25"]
[SourceVersion "1"]
[SourceVersionDate "2007.11.25"]
[SourceQuality "1"]

1. e4 d5 2. exd5 Qxd5 3. Nc3 Qd6 4. Bc4 Nf6 5. d3 Bg4 6. f3 Bh5 7. Nb5 Qd8 8. Bf4 Na6 9. Be3 c5 10. Nc3 e6 11. Nge2 Bd6 12. Bg5 h6 13. Bb5+ Kf8 14. Bxa6 bxa6 15. Bh4 Rb8 16. Rb1 Qc7 17. Bxf6 gxf6 18. Ne4 Be5 19. Qc1 f5 20. N4g3 Bg6 21. f4 Bf6 22. 0-0 h5 23. Rf2 h4 24. Nf1 h3 25. g3 Bh5 26. c3 Rg8 27. Qe3 Bxe2 28. Qxe2 Bxc3 29. Rf3 Qc6 30. b3 a5 31. a4 Qd5 32. Qd1 Ke7 33. Kf2 Bd4+ 34. Ke2 Rb4 35. Nd2 e5 36. fxe5 Qxe5+ 37. Kf1 f4 38. Rxf4 Qxf4+ 39. gxf4 Rg1+ 40. Ke2 Rxd1 41. Kxd1 Be3 42. Nc4 Bxf4 43. Nxa5 Rb6 44. Rb2 Rg6 45. Re2+ Kd7 46. Re1 Bxh2 47. Ke2 Bb8 48. Nb7 h2 49. Nxc5+ Kc8 50. Ne4 Rg1 51. Nf2 Rxe1+ 52. Kxe1 Bg3 53. Kf1 Bxf2 54. Kg2 Bg3 55. b4 Kb7 56. d4 Bd6 57. d5 f5 58. Kh1 Bxb4 59. Kxh2 Bd6+ 60. Kg2 Ka6 61. Kf3 Ka5 62. Ke3 Kxa4 63. Kd4 a5 64. Kc4 f4 65. Kc3 f3 66. Kd3 Kb3 67. Ke3 a4 68. Kxf3 a3 69. Ke4 a2 70. Kf5 a1Q 71. Ke6 Qe5+ 72. Kd7 Qxd5 73. Ke8 Qb7 74. Kd8 Kc4 75. Ke8 Qe7# 0-1

[Event "ITA-ch U20"]
[Site "Bratto"]
[Date "2006.08.25"]
[Round "7"]
[White "Pulcini, Giorgio"]
[Black "Cozzarin, Davide"]
[Result "0-1"]
[WhiteElo "1659"]
[BlackElo "2062"]
[PlyCount "140"]
[EventDate "2006.08.19"]
[EventType "swiss"]
[EventRounds "9"]
[EventCountry "ITA"]
[SourceTitle "CBM 113 Extra"]
[Source "ChessBase"]
[SourceDate "2006.09.14"]
[SourceVersion "1"]
[SourceVersionDate "2006.09.14"]
[SourceQuality "1"]

1. e4 e6 2. d4 d5 3. exd5 exd5 4. Nc3 Nf6 5. Bg5 c6 6. Qe2+ Be6 7. f4 Be7 8. Bxf6 gxf6 9. 0-0-0 Qc7 10. g3 Qd7 11. Re1 Na6 12. Qe3 Nc7 13. Bh3 Bxh3 14. Nxh3 Qe6 15. Nf2 f5 16. Qe5 0-0-0 17. Qxh8 Rxh8 18. Rxe6 fxe6 19. Nd3 h5 20. h4 Rg8 21. Rg1 Bxh4 22. Rh1 Bd8 23. Ne2 Rh8 24. Ne5 Rh7 25. g4 fxg4 26. Ng3 h4 27. Ne2 Rg7 28. Kd2 Nb5 29. Ke3 Nd6 30. Nc3 Nf5+ 31. Kf2 Nxd4 32. Na4 Nf5 33. Nc5 Bb6 34. Ned3 Kc7 35. Ke1 Bxc5 36. Nxc5 Kd6 37. Nd3 g3 38. Kf1 g2+ 39. Kg1 gxh1Q+ 40. Kxh1 h3 41. Kh2 Rg2+ 42. Kxh3 Rxc2 43. Ne5 Rxb2 44. Nf7+ Ke7 45. Ng5 Rxa2 46. Nf3 Ra3 47. Kg4 Kf6 48. Ne5 Rg3+ 49. Kh5 Rh3+ 50. Kg4 Rh4+ 51. Kf3 Nd4+ 52. Kg3 Rxf4 53. Kxf4 Ne2+ 54. Ke3 Kxe5 55. Kxe2 Kd4 56. Kd2 e5 57. Kc2 e4 58. Kd2 e3+ 59. Ke2 Ke4 60. Kd1 d4 61. Ke1 d3 62. Kd1 c5 63. Ke1 c4 64. Kd1 c3 65. Kc1 e2 66. Kb1 e1Q+ 67. Ka2 Kd4 68. Kb3 Qb1+ 69. Ka4 Kc4 70. Ka5 Qb4# 0-1

[Event "ITA-ch U20"]
[Site "Bratto"]
[Date "2006.08.21"]
[Round "3"]
[White "Pulcini, Giorgio"]
[Black "Torrisi, Andrea"]
[Result "0-1"]
[WhiteElo "1659"]
[BlackElo "1917"]
[PlyCount "126"]
[EventDate "2006.08.19"]
[EventType "swiss"]
[EventRounds "9"]
[EventCountry "ITA"]
[SourceTitle "CBM 113 Extra"]
[Source "ChessBase"]
[SourceDate "2006.09.14"]
[SourceVersion "1"]
[SourceVersionDate "2006.09.14"]
[SourceQuality "1"]

1. e4 c5 2. Bc4 e6 3. Nc3 Nc6 4. Nf3 Nge7 5. d3 a6 6. Be3 d6 7. Ng5 h6 8. Nf3 d5 9. Bxc5 dxc4 10. dxc4 Ng6 11. Qxd8+ Nxd8 12. Bxf8 Rxf8 13. 0-0-0 Nc6 14. Na4 b5 15. Rd6 bxa4 16. Rxc6 Bd7 17. Rd6 Ke7 18. Rhd1 Rfd8 19. c5 Bb5 20. Nd4 Rxd6 21. cxd6+ Kd7 22. g3 Ne5 23. f4 Nc4 24. b3 axb3 25. axb3 Nb6 26. c4 Rc8 27. Kb2 Bxc4 28. bxc4 Nxc4+ 29. Kb3 Kxd6 30. Nf5+ Kc5 31. Rc1 Rb8+ 32. Kc3 exf5 33. exf5 a5 34. Ra1 Rb4 35. Re1 a4 36. Re7 Rb3+ 37. Kc2 Rb2+ 38. Kc3 Rb3+ 39. Kc2 Nd6 40. Rc7+ Kd5 41. Ra7 Rc3+ 42. Kb2 a3+ 43. Ka2 Rc2+ 44. Kb3 Rb2+ 45. Kxa3 Nb5+ 46. Kxb2 Nxa7 47. Kc3 Ke4 48. Kc4 Kxf5 49. Kd5 Nc8 50. Kc6 Ne7+ 51. Kd7 Nd5 52. Kd6 Nxf4 53. gxf4 Kxf4 54. Ke7 f5 55. Kf7 Kg4 56. Ke6 f4 57. Kf7 f3 58. Kxg7 f2 59. Kxh6 f1Q 60. h4 Qf6+ 61. Kh7 Kh5 62. Kg8 Kh6 63. h5 Qg7# 0-1

[Event "ITA-ch U20"]
[Site "Bratto"]
[Date "2005.08.28"]
[Round "9"]
[White "Salafia, Andrea"]
[Black "Pulcini, Giorgio"]
[Result "0-1"]
[WhiteElo "1724"]
[BlackElo "1614"]
[PlyCount "58"]
[EventDate "2005.08.20"]
[EventType "swiss"]
[EventRounds "9"]
[EventCountry "ITA"]
[SourceTitle "EXT 2006"]
[Source "ChessBase"]
[SourceDate "2005.11.24"]
[SourceVersion "1"]
[SourceVersionDate "2005.11.24"]
[SourceQuality "1"]

1. d4 d5 2. Nf3 e6 3. Bf4 c5 4. c3 Nc6 5. e3 c4 6. Nbd2 Bd7 7. e4 Nf6 8. e5 Nh5 9. Bg3 Be7 10. Be2 b5 11. 0-0 0-0 12. h3 Nxg3 13. fxg3 f6 14. exf6 Rxf6 15. Qc2 Bd6 16. g4 a5 17. h4 Bf4 18. g5 Be3+ 19. Kh1 Rf4 20. g3 Rg4 21. Kg2 Qc7 22. Ne5 Nxe5 23. dxe5 Rxg3+ 24. Kxg3 Qxe5+ 25. Kg2 Bb6 26. Rae1 Bc7 27. Rh1 Qg3+ 28. Kf1 Bb6 29. Ne4 Rf8+ 0-1

[Event "ITA-ch U20"]
[Site "Bratto"]
[Date "2005.08.25"]
[Round "6"]
[White "Pulcini, Giorgio"]
[Black "Mora, Lorenzo"]
[Result "0-1"]
[WhiteElo "1614"]
[BlackElo "1820"]
[PlyCount "86"]
[EventDate "2005.08.20"]
[EventType "swiss"]
[EventRounds "9"]
[EventCountry "ITA"]
[SourceTitle "EXT 2006"]
[Source "ChessBase"]
[SourceDate "2005.11.24"]
[SourceVersion "1"]
[SourceVersionDate "2005.11.24"]
[SourceQuality "1"]

1. e4 e5 2. Nf3 Nc6 3. Bc4 Bc5 4. b4 Bxb4 5. c3 Ba5 6. d4 exd4 7. 0-0 dxc3 8. Qb3 Qe7 9. Nxc3 Ne5 10. Nd5 Nxf3+ 11. gxf3 Qd8 12. e5 c6 13. Ba3 cxd5 14. Bxd5 Nh6 15. f4 Qh4 16. Qg3 Qxg3+ 17. fxg3 Bd8 18. f5 Be7 19. Bxe7 Kxe7 20. f6+ Ke8 21. g4 Rg8 22. h3 gxf6 23. Rxf6 Nxg4 24. hxg4 Rxg4+ 25. Kf2 Rd4 26. Bxf7+ Ke7 27. Bb3 d5 28. Rc1 b5 29. Rc7+ Bd7 30. Rd6 Rd8 31. Rxa7 Rf4+ 32. Kg3 Rf5 33. Rh6 Rg8+ 34. Kh4 Rf4+ 35. Kh5 Rf2 36. Rxh7+ Ke6 37. Ra6+ Kxe5 38. Re7+ Kd4 39. Rg6 Rh2+ 40. Kg5 Rg2+ 41. Kf4 Rf8+ 42. Rf7 Rxf7+ 43. Rf6 Rxf6# 0-1

[Event "ITA-ch U20"]
[Site "Bratto"]
[Date "2005.08.22"]
[Round "3"]
[White "Cocuzzi, Edoardo"]
[Black "Pulcini, Giorgio"]
[Result "1-0"]
[WhiteElo "1689"]
[BlackElo "1614"]
[PlyCount "103"]
[EventDate "2005.08.20"]
[EventType "swiss"]
[EventRounds "9"]
[EventCountry "ITA"]
[SourceTitle "EXT 2006"]
[Source "ChessBase"]
[SourceDate "2005.11.24"]
[SourceVersion "1"]
[SourceVersionDate "2005.11.24"]
[SourceQuality "1"]

1. e4 e5 2. Bc4 Nf6 3. d3 Bc5 4. Nf3 d6 5. h3 Qe7 6. Nc3 Be6 7. Bxe6 Qxe6 8. Bg5 h6 9. Bxf6 gxf6 10. Nd5 Na6 11. Nh2 0-0-0 12. Qf3 Nb4 13. Nxb4 Bxb4+ 14. c3 Ba5 15. Ng4 d5 16. Qxf6 Qxf6 17. Nxf6 dxe4 18. dxe4 c6 19. Ng4 Bc7 20. Ke2 h5 21. Ne3 Rd7 22. Rad1 Rhd8 23. Rxd7 Rxd7 24. Rd1 Rxd1 25. Kxd1 Bb6 26. Ke2 Kd7 27. Nf5 a5 28. Ng3 h4 29. Nf5 Bd8 30. Kf3 b5 31. Kg4 c5 32. Nxh4 c4 33. a3 Be7 34. Nf3 f6 35. Kf5 Kd6 36. h4 Kc5 37. h5 Bf8 38. Kxf6 Bh6 39. Kg6 Bc1 40. h6 Bxh6 41. Kxh6 b4 42. a4 Kd6 43. g4 Ke6 44. g5 Kf7 45. Kh7 bxc3 46. bxc3 Ke6 47. g6 Kd6 48. g7 Kc6 49. Nxe5+ Kd6 50. g8Q Kxe5 51. Qd5+ Kf4 52. Qf5# 1-0